000 00551nam a22002057a 4500
008 210215b xxu||||| |||| 00| 0 eng d
020 _a9789937005180
041 _aNep.
082 _aN334/N685s
100 _aNepal , Shiva Prasad
241 _aSahakari lekhabidhi
245 _aसहकारी लेखाविधि
260 _aKathmandu:
_bShova Nepal,
_c2073BS.
300 _a166p.; illus.
504 _aBibliography.
650 _aCooperatives
650 _aCooperative bank
650 _aAccounting system
942 _2ddc
_cISBN
999 _c98415
_d98404